| 000 | 00703cab a2200241 4500 | ||
|---|---|---|---|
| 001 | ABS54860 | ||
| 008 | 090401t1996 xxu||||| |||| 00| 0 eng d | ||
| 035 | _a(Sirsi) u12595 | ||
| 041 | _aeng | ||
| 100 | _aBrewer, G. | ||
| 245 | 2 | _aA focus for responsibility | |
| 260 | _c1996 | ||
| 350 | _a0 | ||
| 490 |
_aContract Journal _v383(6073) 2 May 1996, 35(1) |
||
| 520 | _aDiscusses "Critall Windows Ltd v T J Evans Ltd" in relation to what documents form part of a written contract. | ||
| 650 | _aCONTRACT LAW | ||
| 650 | _aCRITALL WINDOWS LTD V T J EVANS LTD | ||
| 650 | _aJCT 80 | ||
| 690 | _aBUILT ENVIRONMENT-BUILDING CONTRACT FORMS | ||
| 690 | _aLAW | ||
| 942 | _n0 | ||
| 948 | _c04/03/1997 | ||
| 999 |
_c8050 _d8050 |
||